000 00856nam a22002777a 4500
001 8982
003 FISKH
005 20251112133741.0
008 251112b cb ||||| |||| 00| 0 eng d
020 _a033500100536
040 _aFISKH
_beng
_cFISKH
_dFISKH
050 _aPZ7.C136 T
082 _a823
100 _aCalmenson, Stephanie
_eAuthor
245 _aTiger's bedtime :
_bA golden super shape book /
_cBy Stephanie Calmenson ; Illustrated by Tom Cooke
260 _aNew York :
_bWestern Publishing Company ,
_c1987
300 _a23 unnumbered pages :
_bcolor illustrations ;
_c21 cm
505 _aC
520 _aAt bedtime Tiger recounts his day to his mother.
521 8 _a100
_bLexile estimate
521 8 _aC
_bRaz-Plus
650 _aBedtime
_vAnimals
700 _aCooke, Tom
_eIllustrator
942 _2ddc
_cBK
_n0
999 _c8982
_d8982